00525nam a2200169Ia 4500008004100000020001500041041000800056082001600064100001900080245002900099250000600128260004900134300001900183650000900202999001900211952012500230210716s2003 xx 000 0 und d a8188429252 aeng a005.73 GURN aGuruprasad, N. aData structures using c. a1 aChennaibScitech Publications Pvt Ltd.c2003 a11.5,A-70,D-12 aNone c186098d186098 001040708MCAaAIMITbAIMITeBook Worldg170.00l0o005.73 GURNpMCA05606r2026-05-23 00:00:00v144.50w2021-07-16yBK